01326nam a22003497a 4500003000500000005001700005008004100022010000900063011000900072035000900081040000900090090001000099100004100109245009300150260004000243300001000283502006900293590003700362590004100399590004200440650002800482650003200510650003000542710003400572901000700606942000900613949004100622949004600663999001500709952012500724952012700849CHAP20220817041202.0971013s1984 r 00010 d a8174 a9146 a8380 cCHAP aTesis00aPalomino Urbalejo, Guadalupe.985021 aEvaluación de la dinámica del potasio en los suelos ácidos del sureste de Veracruz aChapingo, Méx. :bEl autor,c1984 a121 h aTesis (Ing. Agr. Esp. en Suelos) -- UACH. Departamento de Suelos aALEPHb10c20130110lUCH01h1221 aBATCH-UPDb10c20130110lUCH01h1850 aCONVERSIONb10c20130109lUCH01h130614aSuelosxAcidez.911019214aSuelosxPotasio en.911046214aSueloszVeracruz.91105300 aUACH. Departamento de Suelos. aBK cFOLL bBCcTESd-18566eTS1h26342i8380si bBCcTESd-18567eTS2fc.2h26343i8380si c8174d8174 00102local4053708TESISaBCbBCcPA_TESISd2019-12-31fTESISl0p-18567r2019-12-31 00:00:00tc.2w2019-12-31yTESIS 00102local4051708TESISaBCbBCcPA_TESISd2019-12-31fTESISl0oTesisp-18566r2019-12-31 00:00:00w2019-12-31yTESIS